000 00928cam a2200241 i 4500
999 _c20025
_d20025
001 2709643
003 BDDh-ASL
005 20231015025833.0
008 770111s19771976nyua 000 0 eng
010 _a 76150947
040 _aDLC
_cDLC
_dDLC
_dBDDh-ASL
050 0 0 _aBS195
_b.T63 1976
082 0 0 _a220
_bBIB
130 0 _aBible.
_lEnglish.
_sToday's English.
_f1976.
245 1 0 _aGood news Bible/
_bthe Bible in Today's English version.
260 _aNew York :
_bAmerican Bible Society,
_c1977.
300 _a1041, 408 p. :
_bill. ;
_c20 cm.
500 _a"The basic text for the Old Testament is the Masoretic text printed in Biblia Hebraica (3rd edition, 1937) ... for the New Testament is the Greek New Testament published by the United Bible Societies (3rd edition, 1975)."
650 0 _92558
_aBible
710 2 _aAmerican Bible Society.
906 _a7
_bcbc
_corignew
_d2
_encip
_f19
_gy-gencatlg
942 _2ddc
_cBK